00205nam a2200073Ia 4500008004100000082000800041100002000049245006200069240331s9999 xx 000 0 und d bKAL aKalansooriya, R 0aLTTE and IRA :bCombating Terrorism and Discussing Peace